[Event "2BLO 1920 Erfurter SK - Münchener Scha"]
[Site "?"]
[Date "2019.10.19"]
[Round "1.1"]
[White "Indjic, Aleksandar"]
[Black "Mihok, Oliver"]
[Result "1/2-1/2"]
[WhiteElo "2638"]
[BlackElo "2553"]
[PlyCount "111"]
[EventDate "2019.??.??"]

1. d4 Nf6 2. Bg5 g6 3. Nf3 Bg7 4. Nbd2 O-O 5. c3 d6 6. e3 c5 7. Bd3 Nbd7 8. h3
b6 9. e4 h6 10. Be3 cxd4 11. cxd4 Bb7 12. O-O e5 13. d5 Nc5 14. Bxc5 bxc5 15.
a3 a5 16. Rb1 Bc8 17. b4 axb4 18. axb4 cxb4 19. Rxb4 Nh5 20. Nc4 Nf4 21. Rb6
Bxh3 22. gxh3 Qc8 23. Rb3 Qxh3 24. Ne3 f5 25. Ne1 Ra4 26. N3g2 fxe4 27. Bxe4
Ne2+ 28. Qxe2 Qxb3 29. Bc2 Qc4 30. Qxc4 Rxc4 31. Bxg6 Rg4 32. Bh5 Rg5 33. Bf3
Rf4 34. Kh2 Rc4 35. Be2 Re4 36. Bd1 Bf6 37. Nf3 Rg7 38. Rg1 Bg5 39. Kh3 Bd2 40.
Rf1 Bg5 41. Nh2 Rd4 42. Ng4 Rf7 43. f3 Rxd1 44. Rxd1 Rxf3+ 45. Kh2 h5 46. Nxe5
dxe5 47. Re1 Rf5 48. Ne3 Bxe3 49. Rxe3 Kf7 50. Ra3 Rf2+ 51. Kg3 Rd2 52. Ra6
Rxd5 53. Rh6 Rd3+ 54. Kg2 Rd4 55. Rxh5 Ke6 56. Kf3 1/2-1/2

[Event "2BLO 1920 Erfurter SK - Münchener Scha"]
[Site "?"]
[Date "2019.10.19"]
[Round "1.2"]
[White "Braeuer, Franz"]
[Black "Martinovic, Sasa"]
[Result "0-1"]
[WhiteElo "2429"]
[BlackElo "2539"]
[PlyCount "92"]
[EventDate "2019.??.??"]

1. e4 e6 2. d4 d5 3. Nd2 c5 4. exd5 Qxd5 5. dxc5 Nf6 6. Ngf3 Qxc5 7. Bd3 Nbd7
8. O-O Qc7 9. a4 Nc5 10. Bb5+ Bd7 11. Qe2 a6 12. Bxd7+ Ncxd7 13. Nc4 Be7 14. b3
O-O 15. a5 Nd5 16. Bb2 Bf6 17. Bxf6 N7xf6 18. Nfe5 Rad8 19. Qf3 Nd7 20. Nxd7
Rxd7 21. Rad1 Rfd8 22. Rd4 Nb4 23. Rh4 Nc6 24. Nb6 Rd4 25. Qh5 Rxh4 26. Qxh4
Nxa5 27. Qb4 Nc6 28. Qc5 Qe5 29. Na4 Rd5 30. Qb6 Nd4 31. h3 h6 32. c4 Ne2+ 33.
Kh1 Rd3 34. Nc5 Qd4 35. g3 Rf3 36. Kg2 Rf5 37. Na4 Qe4+ 38. f3 Qe5 39. f4 Qe4+
40. Kh2 Nd4 41. Rf2 Nf3+ 42. Kg2 Ng5+ 43. Kh2 Nxh3 44. Nc3 Qe1 45. Kxh3 Qh1+
46. Kg4 Qh5# 0-1

[Event "2BLO 1920 Erfurter SK - Münchener Scha"]
[Site "?"]
[Date "2019.10.19"]
[Round "1.3"]
[White "Speelman, Jon S"]
[Black "Enders, Peter"]
[Result "1/2-1/2"]
[WhiteElo "2511"]
[BlackElo "2450"]
[PlyCount "45"]
[EventDate "2019.??.??"]

1. Nf3 Nf6 2. c4 g6 3. b4 Bg7 4. Bb2 O-O 5. e3 d6 6. Be2 c5 7. b5 e5 8. O-O Re8
9. d3 Nbd7 10. Nc3 Nf8 11. Nd2 h5 12. a4 N8h7 13. a5 Rb8 14. Qb3 Bg4 15. Rfe1
Bxe2 16. Rxe2 Qd7 17. Nde4 h4 18. Nxf6+ Nxf6 19. h3 Kh7 20. Ne4 Nxe4 21. dxe4
Re6 22. a6 bxa6 23. Rxa6 1/2-1/2

[Event "2BLO 1920 Erfurter SK - Münchener Scha"]
[Site "?"]
[Date "2019.10.19"]
[Round "1.4"]
[White "Kuczynski, Robert"]
[Black "Tadic, Branko"]
[Result "1/2-1/2"]
[WhiteElo "2492"]
[BlackElo "2508"]
[PlyCount "46"]
[EventDate "2019.??.??"]

1. e4 d6 2. d4 Nf6 3. Nc3 e5 4. Nf3 Nbd7 5. Bc4 Be7 6. O-O O-O 7. Re1 c6 8. a4
exd4 9. Nxd4 Ne5 10. Bb3 Re8 11. h3 Bd7 12. Bf4 Qa5 13. Qd2 Bd8 14. Rad1 Bb6
15. Nf5 Bxf5 16. exf5 Qb4 17. Nb1 Qxd2 18. Nxd2 Bc7 19. Bxe5 Rxe5 20. Rxe5 dxe5
21. Nc4 Kf8 22. c3 Ke7 23. Ne3 Rd8 1/2-1/2

[Event "2BLO 1920 Erfurter SK - Münchener Scha"]
[Site "?"]
[Date "2019.10.19"]
[Round "1.5"]
[White "Schnider, Gert"]
[Black "Mueller, Matthias"]
[Result "1/2-1/2"]
[WhiteElo "2428"]
[BlackElo "2385"]
[PlyCount "70"]
[EventDate "2019.??.??"]

1. e4 e5 2. Nf3 Nc6 3. Bc4 Nf6 4. Ng5 d5 5. exd5 Na5 6. Bb5+ c6 7. dxc6 bxc6 8.
Bd3 Ng4 9. Ne4 f5 10. Be2 h5 11. h3 fxe4 12. hxg4 Bc5 13. b4 O-O 14. bxc5 Qd4
15. O-O Qxa1 16. Nc3 e3 17. gxh5 exf2+ 18. Rxf2 Rxf2 19. Kxf2 Be6 20. Ba3 Rf8+
21. Ke1 Qxd1+ 22. Bxd1 Rf4 23. d3 Rh4 24. Bf3 Bd7 25. Ne4 Bf5 26. Kf2 Nb7 27.
Ke3 Bxe4 28. Bxe4 Nd8 29. Bb2 Rxh5 30. Bf3 Rg5 31. Ke4 Ne6 32. Bxe5 Nxc5+ 33.
Kf4 Ne6+ 34. Ke4 Nc5+ 35. Kf4 Ne6+ 1/2-1/2

[Event "2BLO 1920 Erfurter SK - Münchener Scha"]
[Site "?"]
[Date "2019.10.19"]
[Round "1.6"]
[White "Voekler, Bernd"]
[Black "Berchtenbreiter, Maximilian"]
[Result "0-1"]
[WhiteElo "2359"]
[BlackElo "2467"]
[PlyCount "96"]
[EventDate "2019.??.??"]

1. e4 g6 2. d4 c6 3. Nc3 d5 4. e5 h5 5. f4 Nh6 6. Nf3 Bg4 7. Be3 e6 8. h3 Bxf3
9. Qxf3 h4 10. Bd3 Nd7 11. O-O Nf5 12. Bf2 Be7 13. b3 c5 14. dxc5 Nxc5 15. Bb5+
Kf8 16. Rad1 Qa5 17. a4 a6 18. Be2 Kg7 19. Kh2 Rac8 20. Be1 Qb6 21. a5 Qc6 22.
Na2 Ne4 23. Bd3 Nd4 24. Qg4 Nxc2 25. Rf3 Nxe1 26. Rxe1 Qd7 27. Rd1 Ng3 28. Rxg3
hxg3+ 29. Qxg3 Bd8 30. Rf1 Bxa5 31. f5 exf5 32. Bxf5 Qe7 33. Bxc8 Bc7 34. Re1
Rxc8 35. Nc1 Ba5 36. Rf1 Re8 37. Nd3 Bc3 38. Kh1 Bxe5 39. Qf3 Bb8 40. Qxd5 Rd8
41. Qf3 Rd4 42. Kg1 Re4 43. Rd1 a5 44. Kf1 Re3 45. Qd5 Ba7 46. Qxa5 Qf6+ 47.
Nf2 Rd3 48. Rd2 Be3 0-1

[Event "2BLO 1920 Erfurter SK - Münchener Scha"]
[Site "?"]
[Date "2019.10.19"]
[Round "1.7"]
[White "Lapcevic, Milos"]
[Black "Troyke, Christian"]
[Result "1/2-1/2"]
[WhiteElo "2385"]
[BlackElo "2318"]
[PlyCount "91"]
[EventDate "2019.??.??"]

1. d4 g6 2. c4 Nf6 3. Nc3 Bg7 4. e4 d6 5. Be2 O-O 6. Bg5 c5 7. d5 h6 8. Bf4 e6
9. Nf3 Re8 10. Nd2 Na6 11. O-O Nc7 12. a4 b6 13. Re1 Ba6 14. h3 Qe7 15. Nf3
exd5 16. exd5 Qf8 17. Bd3 Rxe1+ 18. Nxe1 Nd7 19. Nf3 f5 20. a5 Ne5 21. Nxe5
dxe5 22. Bd2 Kh7 23. axb6 axb6 24. Rb1 Qd6 25. Be2 Bc8 26. Ra1 Rxa1 27. Qxa1
Bd7 28. Qa7 e4 29. Bf1 Ne8 30. Ne2 g5 31. Bc3 Qc7 32. Qa3 b5 33. Bxg7 Kxg7 34.
cxb5 Bxb5 35. Qc3+ Kg6 36. Nf4+ gxf4 37. Bxb5 Nf6 38. b4 Nxd5 39. Be8+ Kh7 40.
Qxc5 Qxc5 41. bxc5 Kg7 42. Bc6 Nc7 43. Bd7 Kf6 44. Kf1 Ke5 45. Ke2 Nd5 46. c6
1/2-1/2

[Event "2BLO 1920 Erfurter SK - Münchener Scha"]
[Site "?"]
[Date "2019.10.19"]
[Round "1.8"]
[White "Myshkin, Nikita"]
[Black "Radovanovic, Nikola"]
[Result "1-0"]
[WhiteElo "2311"]
[BlackElo "2408"]
[PlyCount "115"]
[EventDate "2019.??.??"]

1. Nf3 Nf6 2. c4 g6 3. d4 Bg7 4. g3 O-O 5. Bg2 d6 6. O-O Nbd7 7. Nc3 e5 8. e4
exd4 9. Nxd4 Re8 10. Be3 Nc5 11. f3 c6 12. Qc2 a5 13. Rad1 Qe7 14. Rfe1 h5 15.
h3 Bd7 16. Bf4 Bf8 17. Qd2 Rad8 18. Nf5 Bxf5 19. exf5 Qd7 20. Rxe8 Nxe8 21. Be3
b6 22. fxg6 fxg6 23. f4 Ng7 24. a3 Nf5 25. Bf2 a4 26. Qc2 Bg7 27. Nxa4 Nxa4 28.
Qxa4 c5 29. Qxd7 Rxd7 30. g4 hxg4 31. hxg4 Nd4 32. Bd5+ Kf8 33. Kg2 Re7 34. Bf3
Re6 35. b4 Nc2 36. bxc5 bxc5 37. a4 Ke7 38. Rd2 Ne1+ 39. Bxe1 Rxe1 40. Re2+
Rxe2+ 41. Bxe2 Bc3 42. Kf3 Bd2 43. Ke4 Kd7 44. g5 Kc6 45. Bg4 Kb6 46. Be6 Ka5
47. Bf7 Kb4 48. a5 Kxa5 49. Bxg6 d5+ 50. cxd5 c4 51. Ke5 Bc3+ 52. Ke6 Bd2 53.
Be4 Bxf4 54. g6 Bh6 55. d6 Kb6 56. d7 Kc7 57. Ke7 Bg5+ 58. Ke8 1-0

[Event "2BLO 1920 Nickelhuette Aue - SC Garchin"]
[Site "?"]
[Date "2019.10.19"]
[Round "1.1"]
[White "Stocek, Jiri"]
[Black "Antal, Gergely"]
[Result "1/2-1/2"]
[WhiteElo "2569"]
[BlackElo "2556"]
[PlyCount "54"]
[EventDate "2019.??.??"]

1. c4 e5 2. Nc3 Nf6 3. Nf3 Nc6 4. a3 g6 5. d3 Bg7 6. Bg5 h6 7. Bh4 d6 8. e3 Bf5
9. Nd2 Be6 10. Be2 Ne7 11. Nde4 g5 12. Nxf6+ Bxf6 13. Bg3 Bg7 14. h3 c6 15. Rc1
O-O 16. Bh2 f5 17. O-O f4 18. Bg4 Bxg4 19. Qxg4 Nf5 20. Qe2 Qf6 21. Qh5 Rad8
22. Ne4 Qf7 23. Qxf7+ Kxf7 24. Nd2 d5 25. c5 Nh4 26. g3 fxe3 27. fxe3+ Ke7
1/2-1/2

[Event "2BLO 1920 Nickelhuette Aue - SC Garchin"]
[Site "?"]
[Date "2019.10.19"]
[Round "1.2"]
[White "Gonda, Laszlo"]
[Black "Hess, Max"]
[Result "1-0"]
[WhiteElo "2541"]
[BlackElo "2373"]
[PlyCount "75"]
[EventDate "2019.??.??"]

1. Nf3 Nf6 2. g3 g6 3. Bg2 Bg7 4. O-O O-O 5. d4 d6 6. c4 Nbd7 7. Nc3 e5 8. e4
exd4 9. Nxd4 Re8 10. h3 a6 11. Qc2 Ne5 12. b3 c5 13. Nde2 Rb8 14. a4 Nc6 15.
Be3 Qe7 16. Rad1 Be6 17. Qd2 Rbd8 18. Bg5 Qf8 19. f4 Bc8 20. f5 gxf5 21. exf5
h6 22. Bh4 Kh7 23. g4 Qh8 24. g5 hxg5 25. Bxg5 Kg8 26. Rf4 Nd4 27. Nxd4 cxd4
28. Nd5 Nxd5 29. cxd5 Be5 30. Rh4 Qg7 31. Bxd8 Bxf5 32. Qg5 Bg6 33. Rf1 d3 34.
Bf6 Bxf6 35. Qxf6 Qxf6 36. Rxf6 d2 37. Rd4 Re2 38. Rf2 1-0

[Event "2BLO 1920 Nickelhuette Aue - SC Garchin"]
[Site "?"]
[Date "2019.10.19"]
[Round "1.3"]
[White "Renner, Christoph"]
[Black "Meijers, Viesturs"]
[Result "0-1"]
[WhiteElo "2325"]
[BlackElo "2439"]
[PlyCount "112"]
[EventDate "2019.??.??"]

1. e4 c5 2. Be2 b6 3. f4 Bb7 4. d3 e6 5. Nf3 d5 6. Nbd2 Nf6 7. e5 Ng4 8. Nf1
Be7 9. d4 h5 10. c3 g6 11. Ng5 Nh6 12. Ne3 Qd7 13. O-O Ba6 14. Bxa6 Nxa6 15.
Nxe6 Qxe6 16. Qa4+ b5 17. Qxb5+ Kf8 18. c4 cxd4 19. cxd5 Qb6 20. Qxb6 axb6 21.
Nc4 Bc5 22. Bd2 b5 23. Na5 d3+ 24. Kh1 Ng4 25. h3 Nf2+ 26. Kh2 Ne4 27. Nb3 Nxd2
28. Nxd2 Nb4 29. Ne4 Bb6 30. f5 Nxd5 31. fxg6 Ra7 32. Nd6 Kg7 33. gxf7 Bc7 34.
Ne8+ Kf8 35. Nxc7 Rxc7 36. e6 Rh6 37. Rf3 Rxe6 38. Rxd3 Nf4 39. Rf3 Rf6 40. Re1
Kxf7 41. Re4 Nd5 42. Rb3 Rc2 43. Rxb5 Rg6 44. Kh1 Rcxg2 45. h4 Rd2 46. Re5 Rc6
47. Re1 Rc4 48. a3 Rxh4+ 49. Kg1 Rg4+ 50. Kh1 Rc4 51. Rb7+ Kf6 52. Rf1+ Kg5 53.
Rg7+ Kh4 54. b4 Ne3 55. Re1 Ng4 56. b5 Rcc2 0-1

[Event "2BLO 1920 Nickelhuette Aue - SC Garchin"]
[Site "?"]
[Date "2019.10.19"]
[Round "1.4"]
[White "Slobodjan, Roman"]
[Black "Koepke, Christian"]
[Result "1/2-1/2"]
[WhiteElo "2452"]
[BlackElo "2332"]
[PlyCount "88"]
[EventDate "2019.??.??"]

1. e4 c6 2. d4 d5 3. Nd2 dxe4 4. Nxe4 Nf6 5. Nxf6+ exf6 6. c3 Bd6 7. Bd3 O-O 8.
Qc2 Re8+ 9. Ne2 h5 10. Be3 Nd7 11. O-O-O Nf8 12. Nf4 Bxf4 13. Bxf4 Be6 14. c4
b5 15. d5 cxd5 16. c5 Qa5 17. Kb1 Nd7 18. Bh7+ Kh8 19. Rd4 Ne5 20. Bxe5 fxe5
21. Rh4 Qd8 22. g3 Bg4 23. Rxg4 hxg4 24. h3 Re6 25. hxg4 Rh6 26. Rxh6 gxh6 27.
Bf5 a6 28. f4 Qe7 29. g5 exf4 30. Qc3+ Kg8 31. gxh6 d4 32. h7+ Kh8 33. Qxd4+ f6
34. gxf4 Rd8 35. Qg1 Qe2 36. Bc2 Re8 37. b3 Qd2 38. Qg6 Re1+ 39. Kb2 Qd4+ 40.
Ka3 Qxc5+ 41. Kb2 Qd4+ 42. Ka3 Qd5 43. Kb2 Qd4+ 44. Ka3 Qc5+ 1/2-1/2

[Event "2BLO 1920 Nickelhuette Aue - SC Garchin"]
[Site "?"]
[Date "2019.10.19"]
[Round "1.5"]
[White "Dehlinger, Alexander"]
[Black "Eichner, Sebastian"]
[Result "1/2-1/2"]
[WhiteElo "2287"]
[BlackElo "2349"]
[PlyCount "38"]
[EventDate "2019.??.??"]

1. Nf3 d5 2. d4 Nf6 3. c4 c6 4. cxd5 cxd5 5. Nc3 Nc6 6. Bf4 Bf5 7. e3 e6 8. Qb3
Bb4 9. Ne5 Qa5 10. Nxc6 bxc6 11. a3 Bxc3+ 12. Qxc3 Qxc3+ 13. bxc3 a5 14. f3 Kd7
15. g4 Bg6 16. h4 h6 17. Rh2 h5 18. g5 Ne8 19. c4 Nc7 {(=)} 1/2-1/2

[Event "2BLO 1920 Nickelhuette Aue - SC Garchin"]
[Site "?"]
[Date "2019.10.19"]
[Round "1.6"]
[White "Langrock, Hannes"]
[Black "Seifert, Volker"]
[Result "1/2-1/2"]
[WhiteElo "2359"]
[BlackElo "2300"]
[PlyCount "88"]
[EventDate "2019.??.??"]

1. d4 e6 2. c4 Nf6 3. g3 d5 4. Nf3 Be7 5. Bg2 O-O 6. O-O c6 7. Qc2 Nbd7 8. b3
b6 9. Bb2 Bb7 10. Nc3 Rc8 11. Rfd1 Qc7 12. Rac1 Qb8 13. e4 Rfd8 14. e5 Ne8 15.
cxd5 exd5 16. Qf5 g6 17. Qf4 f5 18. h4 Ng7 19. Ne2 Nf8 20. Qe3 Nfe6 21. Ne1 Rf8
22. Nd3 Rc7 23. Nef4 a5 24. Nxe6 Nxe6 25. Nf4 Nxf4 26. Qxf4 Bc8 27. Rc2 Be6 28.
Bc1 a4 29. Qf3 axb3 30. axb3 Rfc8 31. Bg5 Bxg5 32. hxg5 c5 33. dxc5 Rxc5 34.
Rxc5 bxc5 35. Rd2 Kh8 36. Rd3 Qxe5 37. Re3 Qd6 38. Rxe6 Qxe6 39. Qc3+ Kg8 40.
Bf1 Kf8 41. Bc4 Qc6 42. Bb5 Qe6 43. Bc4 Qc6 44. Bb5 Qe6 1/2-1/2

[Event "2BLO 1920 Nickelhuette Aue - SC Garchin"]
[Site "?"]
[Date "2019.10.19"]
[Round "1.7"]
[White "Ruecker, Benjamin"]
[Black "Spiess, Gunter"]
[Result "1/2-1/2"]
[WhiteElo "2238"]
[BlackElo "2394"]
[PlyCount "45"]
[EventDate "2019.??.??"]

1. c4 e6 2. Nc3 d5 3. e3 Nf6 4. Nf3 dxc4 5. Bxc4 a6 6. d4 b5 7. Be2 Bb7 8. O-O
Nbd7 9. a4 b4 10. Nb1 a5 11. Nbd2 Be7 12. Bd3 O-O 13. Qe2 c5 14. Rd1 cxd4 15.
Nxd4 Ne5 16. Bb5 Qc7 17. h3 Rfd8 18. N2b3 Ng6 19. Bd2 Qe5 20. Bc6 Ba6 21. Bb5
Bb7 22. Bc6 Ba6 23. Bb5 1/2-1/2

[Event "2BLO 1920 Nickelhuette Aue - SC Garchin"]
[Site "?"]
[Date "2019.10.19"]
[Round "1.8"]
[White "Wichmann, Cliff"]
[Black "Pitschka, Claus"]
[Result "1/2-1/2"]
[WhiteElo "2282"]
[BlackElo "2190"]
[PlyCount "42"]
[EventDate "2019.??.??"]

1. Nf3 d6 2. d4 Bg4 3. e4 Nf6 4. h3 Bh5 5. Bd3 Nbd7 6. Nbd2 e5 7. c3 a6 8. O-O
Be7 9. Re1 O-O 10. Nf1 Re8 11. Ng3 Bg6 12. Nh4 Bxe4 13. Bxe4 Nxe4 14. Rxe4 Bxh4
15. Nf5 Be7 16. Rg4 g6 17. Qb3 Bf8 18. Qxb7 exd4 19. Bg5 Qc8 20. Qxc8 Raxc8 21.
Nxd4 c5 1/2-1/2

[Event "2BLO 1920 SC NT Nürnberg - SV Deggendo"]
[Site "?"]
[Date "2019.10.19"]
[Round "1.1"]
[White "Sedlak, Nikola"]
[Black "Maximov, Dmitry"]
[Result "1-0"]
[WhiteElo "2557"]
[BlackElo "2491"]
[PlyCount "119"]
[EventDate "2019.??.??"]

1. d4 Nf6 2. c4 g6 3. Nc3 Bg7 4. e4 O-O 5. Be2 c5 6. d5 e6 7. Bg5 h6 8. Bf4
exd5 9. exd5 Re8 10. Qd2 Qb6 11. Nf3 Ne4 12. Nxe4 Rxe4 13. Bxh6 Bxh6 14. Qxh6
Qb4+ 15. Qd2 Qxc4 16. Ng5 Re5 17. f4 Re8 18. Kf2 Qa4 19. b3 Qb4 20. Qxb4 cxb4
21. d6 f6 22. Bc4+ Kg7 23. Rae1 Rxe1 24. Rxe1 fxg5 25. Re7+ Kh6 26. Bg8 gxf4
27. h4 Kh5 28. Kf3 Kxh4 29. Kxf4 g5+ 30. Kf3 Kh5 31. Bh7 Nc6 32. Be4 Nd4+ 33.
Ke3 Nb5 34. Bd3 Nc3 35. Kf3 g4+ 36. Kf4 Nd5+ 37. Ke5 b6 38. Kxd5 Bb7+ 39. Ke5
Bxg2 40. Rxd7 Bc6 41. Rc7 Bf3 42. Kf4 Rh8 43. Rh7+ Rxh7 44. Bxh7 Bc6 45. Bf5 g3
46. Kxg3 Kg5 47. d7 Bxd7 48. Bxd7 Kf6 49. Kf4 Ke7 50. Bb5 Kd6 51. Ke4 Kc5 52.
Ba6 b5 53. Ke5 Kb6 54. Bc8 Kc5 55. Bd7 Kb6 56. Kd6 a6 57. Bc8 Ka5 58. Bxa6 Kxa6
59. Kc6 Ka5 60. Kc5 1-0

[Event "2BLO 1920 SC NT Nürnberg - SV Deggendo"]
[Site "?"]
[Date "2019.10.19"]
[Round "1.2"]
[White "Milov, Leonid"]
[Black "Delchev, Aleksander"]
[Result "1/2-1/2"]
[WhiteElo "2463"]
[BlackElo "2558"]
[PlyCount "51"]
[EventDate "2019.??.??"]

1. e4 e5 2. Nf3 Nc6 3. Bb5 a6 4. Ba4 Nf6 5. O-O Be7 6. Re1 b5 7. Bb3 d6 8. c3
O-O 9. d4 Bg4 10. d5 Na5 11. Bc2 Qc8 12. Nbd2 c6 13. dxc6 Qxc6 14. Nf1 Nc4 15.
a4 Rfe8 16. h3 Be6 17. Ng3 h6 18. Nh4 Nb6 19. Nhf5 Bf8 20. Nh5 Nbd7 21. Nxf6+
Nxf6 22. Qf3 Nh7 23. Qd3 Nf6 24. Qf3 Nh7 25. Qd3 Nf6 26. Qf3 1/2-1/2

[Event "2BLO 1920 SC NT Nürnberg - SV Deggendo"]
[Site "?"]
[Date "2019.10.19"]
[Round "1.3"]
[White "Bogosavljevic, Boban"]
[Black "Yelisieiev, Yevhenii"]
[Result "0-1"]
[WhiteElo "2518"]
[BlackElo "2396"]
[PlyCount "126"]
[EventDate "2019.??.??"]

1. Nf3 d5 2. c4 c6 3. g3 Nf6 4. Bg2 dxc4 5. O-O e6 6. a4 Be7 7. Qc2 O-O 8. Qxc4
a5 9. d3 Na6 10. Na3 Nd5 11. Rd1 Nb6 12. Qb3 Nc5 13. Qc2 Nd5 14. Bg5 Nb4 15.
Qxc5 Bxc5 16. Bxd8 Rxd8 17. Nc4 f6 18. d4 Be7 19. e3 Ra6 20. Bh3 Bd7 21. Nfd2
b6 22. Ne4 Kf8 23. Rac1 Rb8 24. Rd2 Ra7 25. b3 Nd5 26. Rdd1 Bb4 27. Rd3 Ke7 28.
Ncd2 Be8 29. Nb1 g5 30. Ned2 Rd8 31. Bg2 Bg6 32. e4 Rc7 33. Nf1 Kf7 34. Nfd2
Ne7 35. Nc4 b5 36. axb5 Rcd7 37. bxc6 Nxc6 38. d5 exd5 39. Rxd5 Rxd5 40. exd5
Nd4 41. Rd1 Nxb3 42. Nba3 Bh5 43. Rd3 Nc1 44. Re3 Bc5 45. Re6 Ne2+ 46. Kh1 Nd4
47. Re3 g4 48. Nxa5 Nf3 49. Rd3 Bg6 50. Nb7 Bxd3 51. Nxd8+ Ke8 52. Ne6 Bxa3 53.
h3 Bd6 54. hxg4 Ne1 55. Nf4 Bxf4 56. gxf4 Nxg2 57. Kxg2 Be4+ 58. f3 Bxd5 59. f5
Ke7 60. Kg3 Kd6 61. f4 Be4 62. Kh4 Bxf5 63. gxf5 Kd5 0-1

[Event "2BLO 1920 SC NT Nürnberg - SV Deggendo"]
[Site "?"]
[Date "2019.10.19"]
[Round "1.4"]
[White "Mischustov, Michael"]
[Black "Stojanovic, Dalibor"]
[Result "1/2-1/2"]
[WhiteElo "2340"]
[BlackElo "2501"]
[PlyCount "90"]
[EventDate "2019.??.??"]

1. e4 c5 2. Nf3 Nc6 3. Bb5 d6 4. O-O Bd7 5. Re1 Nf6 6. c3 a6 7. Bf1 Bg4 8. h3
Bxf3 9. Qxf3 e6 10. d3 Be7 11. Qe2 O-O 12. Nd2 d5 13. Nf3 b5 14. Bf4 Re8 15.
Ne5 Nxe5 16. Bxe5 dxe4 17. dxe4 Nd7 18. Red1 Qc8 19. Bd6 Nb6 20. Qe3 Qc6 21.
Bxe7 Rxe7 22. Rd2 Rd7 23. Rxd7 Nxd7 24. Rd1 Nf6 25. e5 Nd5 26. Qe4 c4 27. Be2
Qc7 28. Bf3 Rb8 29. Rd4 h6 30. Qe2 Ne7 31. Rd6 Ng6 32. Qe3 b4 33. cxb4 Rxb4 34.
Qd2 Rb8 35. Be4 Nxe5 36. Rxa6 Rd8 37. Ra8 Rxa8 38. Bxa8 Qa7 39. Be4 f5 40. Bb1
Qc5 41. Bc2 Nc6 42. Qd7 Nd4 43. Bd1 g6 44. Qd8+ Kg7 45. Qd7+ Kg8 1/2-1/2

[Event "2BLO 1920 SC NT Nürnberg - SV Deggendo"]
[Site "?"]
[Date "2019.10.19"]
[Round "1.5"]
[White "Popovic, Dusan"]
[Black "Promyshlyanskiy, Vitaliy"]
[Result "1-0"]
[WhiteElo "2483"]
[BlackElo "2275"]
[PlyCount "95"]
[EventDate "2019.??.??"]

1. d4 Nc6 2. Nf3 d6 3. e4 Nf6 4. Nc3 g6 5. h3 Bg7 6. Be3 O-O 7. Be2 e5 8. O-O
exd4 9. Nxd4 Re8 10. Nxc6 bxc6 11. Bf3 Nd7 12. Qd2 Ba6 13. Rfd1 Ne5 14. Be2 Nc4
15. Bxc4 Bxc4 16. b3 Be6 17. Bd4 f6 18. Ne2 Bf7 19. Ng3 Qe7 20. Re1 c5 21. Bc3
Rad8 22. Qf4 Be6 23. Nf5 Bxf5 24. exf5 Qf7 25. Qa4 Ra8 26. Rxe8+ Qxe8 27. Qf4
Qf7 28. Re1 Re8 29. Rxe8+ Qxe8 30. Ba5 Qf7 31. Qg4 h5 32. fxg6 hxg4 33. gxf7+
Kxf7 34. Bxc7 Ke6 35. hxg4 Bh6 36. Ba5 d5 37. Kf1 Ke5 38. Ke2 Bf8 39. Bc3+ d4
40. Bd2 Ke4 41. f3+ Kd5 42. Kd3 Be7 43. Bh6 Bd8 44. Bf8 Bc7 45. Be7 Be5 46. a3
a6 47. a4 Kc6 48. Kc4 1-0

[Event "2BLO 1920 SC NT Nürnberg - SV Deggendo"]
[Site "?"]
[Date "2019.10.19"]
[Round "1.6"]
[White "Kirchner, Thomas"]
[Black "Cabarkapa, Novak"]
[Result "0-1"]
[WhiteElo "2311"]
[BlackElo "2449"]
[PlyCount "84"]
[EventDate "2019.??.??"]

1. e4 e6 2. d4 d5 3. Nc3 Nf6 4. e5 Nfd7 5. f4 c5 6. Nf3 Be7 7. Be3 b6 8. Qd2
O-O 9. Nd1 a5 10. c3 a4 11. Bd3 Ba6 12. Bc2 a3 13. b3 Nc6 14. Nf2 b5 15. dxc5
b4 16. cxb4 Rb8 17. b5 Bxb5 18. Rc1 f6 19. exf6 Bxf6 20. Nd3 d4 21. Bf2 e5 22.
fxe5 Ndxe5 23. O-O Bxd3 24. Bxd3 Nxf3+ 25. gxf3 Bg5 26. Qe1 Bxc1 27. Qe6+ Kh8
28. Qxc6 Bf4 29. Qe4 Qg5+ 30. Bg3 Qh6 31. Kg2 Bxg3 32. hxg3 Rbe8 33. Qxd4 Rd8
34. Qc4 Qe3 35. Be2 Rd2 36. Rf2 Re8 37. Kf1 Rxa2 38. c6 Ra1+ 39. Kg2 a2 40. b4
Rg1+ 41. Kxg1 a1=Q+ 42. Kg2 Qe1 0-1

[Event "2BLO 1920 SC NT Nürnberg - SV Deggendo"]
[Site "?"]
[Date "2019.10.19"]
[Round "1.7"]
[White "Krstic, Petar"]
[Black "Hoffmann, Sebastian"]
[Result "1/2-1/2"]
[WhiteElo "2321"]
[BlackElo "2187"]
[PlyCount "97"]
[EventDate "2019.??.??"]

1. e4 d5 2. exd5 Qxd5 3. Nc3 Qd8 4. Bc4 Nf6 5. Nf3 a6 6. Ne5 e6 7. d4 b5 8. Bb3
c5 9. dxc5 Qxd1+ 10. Nxd1 Bxc5 11. Be3 Nbd7 12. Nd3 Bxe3 13. Nxe3 Bb7 14. a4
O-O 15. axb5 axb5 16. Ke2 Rfc8 17. c3 Nb6 18. Nb4 Kf8 19. f3 Nfd7 20. Bc2 Ne5
21. Bd3 Nxd3 22. Nxd3 Na4 23. Kd2 f6 24. b3 Nb6 25. Rxa8 Rxa8 26. Rc1 Ke7 27.
c4 Ra2+ 28. Rc2 Rxc2+ 29. Kxc2 bxc4 30. bxc4 g5 31. Kc3 h5 32. Kb4 Nd7 33. Kb5
Kd6 34. c5+ Kc7 35. Nc4 Bc6+ 36. Kb4 e5 37. Nd6 g4 38. fxg4 hxg4 39. g3 e4 40.
Nf4 Ne5 41. Kc3 Kd7 42. h4 gxh3 43. Nxh3 e3 44. Nf4 Bf3 45. Nf5 e2 46. Kd2 Kc6
47. Nd4+ Kxc5 48. Nxf3 Nxf3+ 49. Kxe2 1/2-1/2

[Event "2BLO 1920 SC NT Nürnberg - SV Deggendo"]
[Site "?"]
[Date "2019.10.19"]
[Round "1.8"]
[White "Heimrath, Reiner"]
[Black "Bielmeier, Ludwig"]
[Result "1-0"]
[WhiteElo "2217"]
[BlackElo "2093"]
[PlyCount "127"]
[EventDate "2019.??.??"]

1. e4 c6 2. d4 d5 3. Nc3 dxe4 4. Nxe4 Nf6 5. Ng3 c5 6. Nf3 Nc6 7. Be3 cxd4 8.
Nxd4 Nxd4 9. Qxd4 Qxd4 10. Bxd4 Bd7 11. Bd3 e6 12. O-O Be7 13. f4 O-O 14. f5
Rfc8 15. Kh1 Nd5 16. Be4 Rc4 17. c3 Ra4 18. Bxd5 exd5 19. f6 gxf6 20. Nh5 Kf8
21. Bxf6 Ra6 22. Bxe7+ Kxe7 23. Nf4 Be6 24. Rf2 Rg8 25. Rd2 Rg5 26. a3 Rb6 27.
Re1 Kf6 28. Kg1 Re5 29. Rxe5 Kxe5 30. Ne2 Bf5 31. Nd4 Be4 32. Kf2 Rh6 33. h3
Rf6+ 34. Ke3 Rg6 35. Nf3+ Bxf3 36. Kxf3 Rf6+ 37. Ke2 Rg6 38. Ke3 f5 39. Kf3 Rb6
40. Re2+ Kf6 41. Kf4 h6 42. Rd2 Ke6 43. g3 Rb3 44. Re2+ Kf6 45. Ke3 Rb6 46. Kd4
Rd6 47. Re8 Rb6 48. Re2 Rd6 49. a4 Rd7 50. a5 Rg7 51. Re3 Rd7 52. Kc5 Rd8 53.
b4 Rd7 54. b5 Rd8 55. Kd4 Rd7 56. Rd3 Ke6 57. Re3+ Kf6 58. Re8 Rc7 59. Rh8 Kg6
60. Ra8 Rc4+ 61. Kxd5 Rxc3 62. Rxa7 Rxg3 63. Rxb7 Rxh3 64. a6 1-0

[Event "2BLO 1920 SF Bad Mergentheim - SK Passa"]
[Site "?"]
[Date "2019.10.19"]
[Round "1.1"]
[White "Diermair, Andreas"]
[Black "Karpatchev, Aleksandr"]
[Result "1/2-1/2"]
[WhiteElo "2479"]
[BlackElo "2418"]
[PlyCount "97"]
[EventDate "2019.??.??"]

1. Nf3 d5 2. g3 c6 3. Bg2 g6 4. c4 dxc4 5. Na3 Qd5 6. O-O Bg7 7. Qc2 Be6 8. h4
Bf5 9. Qxc4 Qxc4 10. Nxc4 Nh6 11. d3 O-O 12. Bg5 Re8 13. Rac1 a5 14. Rc2 Nd7
15. b3 Be6 16. Bd2 a4 17. b4 Bxc4 18. Rxc4 Nf5 19. Rc2 Nd6 20. e3 Nb5 21. d4 e5
22. dxe5 Bxe5 23. e4 Bg7 24. Re1 Nf8 25. e5 Ne6 26. Be3 Bf8 27. Rc4 Rad8 28. h5
Rd3 29. Bf1 Ra3 30. hxg6 hxg6 31. Rc2 Nec7 32. Kg2 Nd5 33. Bc5 Nbc3 34. Bc4 b5
35. Bxd5 Nxd5 36. Bxf8 Kxf8 37. Re4 Rc3 38. Rd2 a3 39. Ne1 Rc4 40. Rxc4 bxc4
41. Nc2 Rxe5 42. Rd4 c3 43. Kf3 Ke7 44. Rc4 Kd7 45. Rc5 Rf5+ 46. Ke2 Re5+ 47.
Kf3 Rf5+ 48. Ke2 Re5+ 49. Kf3 1/2-1/2

[Event "2BLO 1920 SF Bad Mergentheim - SK Passa"]
[Site "?"]
[Date "2019.10.19"]
[Round "1.2"]
[White "Ikonnikov, Vyacheslav"]
[Black "Schwabeneder, Florian"]
[Result "1-0"]
[WhiteElo "2498"]
[BlackElo "2403"]
[PlyCount "85"]
[EventDate "2019.??.??"]

1. d4 Nf6 2. Nf3 c5 3. d5 d6 4. c4 g6 5. Nc3 Bg7 6. e4 O-O 7. Bd3 a6 8. O-O e5
9. Re1 Ne8 10. g3 Nd7 11. a4 Bf6 12. Bh6 Ng7 13. Qd2 Be7 14. a5 Nf6 15. Na4 Ng4
16. Bxg7 Kxg7 17. b4 cxb4 18. Qxb4 Nf6 19. Nb6 Rb8 20. Nd2 Nd7 21. Nb3 Nxb6 22.
axb6 h5 23. f4 h4 24. fxe5 dxe5 25. c5 hxg3 26. hxg3 Rh8 27. Qc3 Bf6 28. Ra2
Rh6 29. Rh2 Rxh2 30. Kxh2 Bg4 31. Bf1 Qh8+ 32. Kg1 Qh5 33. Bg2 Rh8 34. Kf2 Bd8
35. Rh1 Qg5 36. Rxh8 Kxh8 37. Bf3 Bc8 38. Qe3 Qe7 39. Na5 Kg7 40. Nc4 Bd7 41.
c6 bxc6 42. d6 Qe6 43. b7 1-0